<?xml version="1.0" encoding="UTF-8"?>
<record
    xmlns:xsi="http://www.w3.org/2001/XMLSchema-instance"
    xsi:schemaLocation="http://www.loc.gov/MARC21/slim http://www.loc.gov/standards/marcxml/schema/MARC21slim.xsd"
    xmlns="http://www.loc.gov/MARC21/slim">

  <leader>02676nam a22003737a 4500</leader>
  <controlfield tag="003">DO-SdBNP</controlfield>
  <controlfield tag="005">20240904103921.0</controlfield>
  <controlfield tag="008">201126b2001    dr o|||| |||| 00| 0 spa d</controlfield>
  <datafield tag="040" ind1=" " ind2=" ">
    <subfield code="a">DO-SdBNP</subfield>
    <subfield code="b">spa</subfield>
    <subfield code="c">BNPHU</subfield>
    <subfield code="e">rda</subfield>
  </datafield>
  <datafield tag="082" ind1=" " ind2="4">
    <subfield code="2">22</subfield>
    <subfield code="b">L364a</subfield>
  </datafield>
  <datafield tag="100" ind1=" " ind2=" ">
    <subfield code="a">Latta, Steven C</subfield>
    <subfield code="9">77446</subfield>
    <subfield code="e">autor</subfield>
  </datafield>
  <datafield tag="240" ind1="1" ind2="0">
    <subfield code="a">Common birds of the Dominican Republic /</subfield>
    <subfield code="l">Espa&#xF1;ol</subfield>
  </datafield>
  <datafield tag="245" ind1="1" ind2="0">
    <subfield code="a">Aves comunes de la Rep&#xFA;blica Dominicana = Common birds of the Dominican Republic /</subfield>
    <subfield code="c">Steven C. Latta ; fot&#xF3;grafos Eladio Fern&#xE1;ndez, Nicol&#xE1;s L&#xF3;pez, Francisco Rivas, Val&#xE9;rie Druguet ; traducciones Tess Kulstad, Pedro G. Rodr&#xED;guez, Miguel Rodr&#xED;guez, R. Eduardo V&#xE1;squez, Rafael Lorenzo y otro </subfield>
  </datafield>
  <datafield tag="264" ind1=" " ind2="1">
    <subfield code="a">Santo Domingo : </subfield>
    <subfield code="b">Sociedad Ornitol&#xF3;gica de la Hispaniola, </subfield>
    <subfield code="c">2001.</subfield>
  </datafield>
  <datafield tag="300" ind1=" " ind2=" ">
    <subfield code="a">60 p&#xE1;ginas </subfield>
    <subfield code="b">fotograf&#xED;as</subfield>
    <subfield code="c">23 cm. </subfield>
  </datafield>
  <datafield tag="336" ind1=" " ind2=" ">
    <subfield code="a">texto</subfield>
    <subfield code="b">txt</subfield>
    <subfield code="2">rdacontent</subfield>
  </datafield>
  <datafield tag="337" ind1=" " ind2=" ">
    <subfield code="a">sin mediaci&#xF3;n</subfield>
    <subfield code="b">n</subfield>
    <subfield code="2">rdamedia</subfield>
  </datafield>
  <datafield tag="338" ind1=" " ind2=" ">
    <subfield code="a">volumen</subfield>
    <subfield code="b">nc</subfield>
    <subfield code="2">rdacarrier</subfield>
  </datafield>
  <datafield tag="500" ind1=" " ind2=" ">
    <subfield code="a">Texto en espa&#xF1;ol e ingl&#xE9;s en columnas paralelas.</subfield>
  </datafield>
  <datafield tag="505" ind1="2" ind2=" ">
    <subfield code="a">&#xCD;ndice de nombres locales = Index of local names --</subfield>
    <subfield code="t">Aura ti&#xF1;osa -- Barrancol&#xED; -- B&#xFA;caro -- Canario de manglar -- Carpintero -- Carrao -- Chinchil&#xED;n -- Chua-chu&#xE1; -- Cigua canaria -- Cigua palmera -- Cig&#xFC;ita com&#xFA;n -- Cig&#xFC;ita de hierba -- Cig&#xFC;ita de los prados -- Cotorra -- Cra-cr&#xE1; -- Cuatro ojos -- Cuervo -- Cuyaya -- Flamenco -- Gallareta pico rojo -- Gallito prieto -- Garza de rizos -- Garza ganadera -- Garza pechiblanco -- Garza real -- Garz&#xF3;n cenizo -- Gaviota cabecinegra -- Gaviota real -- Gorri&#xF3;n -- Guaraguao -- Guinea -- Jud&#xED;o -- Juli&#xE1;n chiv&#xED; -- Lechuza com&#xFA;n -- Madam sag&#xE1; -- P&#xE1;jaro bobo -- Paloma dom&#xE9;stica -- Paloma coronita -- Papagayo -- Patas amarillas menor -- Pato de la florida -- Pato de orilla -- Pechi-Jabao -- Pega palo -- Pel&#xED;cano -- Perico -- Petigre -- Playerito -- Playero corredor -- Querebeb&#xE9; -- Rolita -- Ruise&#xF1;or -- Ti-&#xED;to -- Tijereta -- T&#xF3;rtola -- Vencejito -- Viuda -- Yaguaza -- Zumbadorcito -- Zumbador grande / </subfield>
  </datafield>
  <datafield tag="590" ind1=" " ind2=" ">
    <subfield code="a">Inventariado, 2021/LP</subfield>
  </datafield>
  <datafield tag="700" ind1=" " ind2=" ">
    <subfield code="4">fot.</subfield>
    <subfield code="a">Fern&#xE1;ndez, Eladio </subfield>
    <subfield code="e">fot&#xF3;grafo </subfield>
    <subfield code="9">69578</subfield>
  </datafield>
  <datafield tag="700" ind1=" " ind2=" ">
    <subfield code="4">fot.</subfield>
    <subfield code="a">L&#xF3;pez, Nicol&#xE1;s </subfield>
    <subfield code="e">fot&#xF3;grafo</subfield>
    <subfield code="9">86511</subfield>
  </datafield>
  <datafield tag="700" ind1=" " ind2=" ">
    <subfield code="4">fot.</subfield>
    <subfield code="a">Rivas, Francisco </subfield>
    <subfield code="e">fot&#xF3;grafo</subfield>
    <subfield code="9">86512</subfield>
  </datafield>
  <datafield tag="700" ind1=" " ind2=" ">
    <subfield code="4">fot.</subfield>
    <subfield code="a">Druguet, Val&#xE9;rie </subfield>
    <subfield code="e">fot&#xF3;grafo</subfield>
    <subfield code="9">86513</subfield>
  </datafield>
  <datafield tag="700" ind1=" " ind2=" ">
    <subfield code="4">trad.</subfield>
    <subfield code="a">Kulstad, Tess </subfield>
    <subfield code="e">traducciones </subfield>
    <subfield code="9">86514</subfield>
  </datafield>
  <datafield tag="700" ind1=" " ind2=" ">
    <subfield code="4">trad.</subfield>
    <subfield code="a">Rodr&#xED;guez, Pedro G. </subfield>
    <subfield code="e">traducciones</subfield>
    <subfield code="9">86515</subfield>
  </datafield>
  <datafield tag="700" ind1=" " ind2=" ">
    <subfield code="4">trad.</subfield>
    <subfield code="a">Rodr&#xED;guez, Miguel </subfield>
    <subfield code="e">traducciones</subfield>
    <subfield code="9">29851</subfield>
  </datafield>
  <datafield tag="700" ind1=" " ind2=" ">
    <subfield code="4">trad.</subfield>
    <subfield code="a">V&#xE1;squez, R. Eduardo </subfield>
    <subfield code="e">traducciones</subfield>
    <subfield code="9">86516</subfield>
  </datafield>
  <datafield tag="700" ind1=" " ind2=" ">
    <subfield code="4">trad.</subfield>
    <subfield code="a">Lorenzo, Rafael </subfield>
    <subfield code="e">traducciones</subfield>
    <subfield code="9">86517</subfield>
  </datafield>
  <datafield tag="700" ind1=" " ind2=" ">
    <subfield code="4">trad.</subfield>
    <subfield code="a">Morales, Marcos </subfield>
    <subfield code="e">traducciones</subfield>
    <subfield code="9">29769</subfield>
  </datafield>
  <datafield tag="910" ind1=" " ind2=" ">
    <subfield code="a">Lop&#xE9;rez</subfield>
  </datafield>
  <datafield tag="942" ind1=" " ind2=" ">
    <subfield code="2">ddc</subfield>
    <subfield code="c">LBS1</subfield>
  </datafield>
  <datafield tag="952" ind1=" " ind2=" ">
    <subfield code="0">0</subfield>
    <subfield code="1">0</subfield>
    <subfield code="2">ddc</subfield>
    <subfield code="7">5</subfield>
    <subfield code="8">MO</subfield>
    <subfield code="a">BNPHU</subfield>
    <subfield code="b">PD</subfield>
    <subfield code="c">HD</subfield>
    <subfield code="d">2020-11-26</subfield>
    <subfield code="e">Donado / Patria N&#xFA;&#xF1;ez</subfield>
    <subfield code="l">0</subfield>
    <subfield code="o">BNPHU PD</subfield>
    <subfield code="p">2021-27335</subfield>
    <subfield code="r">2020-11-26</subfield>
    <subfield code="w">2020-11-26</subfield>
    <subfield code="y">LBS1</subfield>
  </datafield>
  <datafield tag="952" ind1=" " ind2=" ">
    <subfield code="0">0</subfield>
    <subfield code="1">0</subfield>
    <subfield code="2">ddc</subfield>
    <subfield code="5">1</subfield>
    <subfield code="7">0</subfield>
    <subfield code="8">PD</subfield>
    <subfield code="a">BNPHU</subfield>
    <subfield code="b">BNPHU</subfield>
    <subfield code="c">CT</subfield>
    <subfield code="d">2023-03-01</subfield>
    <subfield code="e">Donado por Emilio Cordero Michel</subfield>
    <subfield code="l">0</subfield>
    <subfield code="o">BNPHU PD</subfield>
    <subfield code="p">2024-5221</subfield>
    <subfield code="r">2024-09-04</subfield>
    <subfield code="t">e. 2</subfield>
    <subfield code="w">2024-09-04</subfield>
    <subfield code="y">LBS1</subfield>
    <subfield code="z">Perteneci&#xF3; a la biblioteca personal de Emilio Cordero Michel</subfield>
  </datafield>
  <datafield tag="999" ind1=" " ind2=" ">
    <subfield code="c">49215</subfield>
    <subfield code="d">49215</subfield>
  </datafield>
</record>
